| 000 | 00756nmc a2200277 a 4500 | ||
|---|---|---|---|
| 003 | AR-BaBNM | ||
| 005 | 20251128205157.0 | ||
| 008 | 096119s1986 ||||||||||||||000 | spa|| | ||
| 020 | _a950-21-0365-3 | ||
| 040 | _cAR-BaBNM | ||
| 100 | 1 |
_aLacau, María Hortensia _d1910-2006 |
|
| 245 | 1 | 0 | _aYo y Hornerín |
| 250 | _a4ª ed. | ||
| 260 |
_aBuenos Aires _bPlus Ultra _c1986 |
||
| 300 | 0 |
_a76 p. _bil. |
|
| 490 | 0 |
_aPara leer y comentar. Tejados rojos _vv. 38 |
|
| 650 | 4 | _aLIBROS PARA NINOS | |
| 650 | 4 | _aACTIVIDADES DE APRENDIZAJE | |
| 650 | 4 | _aLITERATURA FOLKLORICA | |
| 650 | 4 | _aLITERATURA INFANTIL | |
| 655 | _aLITERATURA | ||
| 700 | 1 |
_aAkselman, Diana _eilustrador |
|
| 800 | 1 | _aLacau, María Hortensia | |
| 942 | _cBK | ||
| 998 | _cMARTIN | ||
| 999 |
_c10311 _d10311 |
||